000
00309nam a2200109Ia 4500
008
240129s9999 xx 000 0 und d
100
_a
SURETE
245
0
_a
DYNAMICS OF HUMAN RELATIONSHIPS IN THE PLAYS OF VIJAY TENDULKAR
260
_b
MEWAR UNIVERSITY, CHITTORGARH
_c
2021
650
_a
English
942
_c
THE
999
_c
218924
_d
218924